Giáo trình thị trường chứng khoán

Cung cấp kiến thức thị trường chứng khoán về mặt lý thuyết và cả về mặt thực hành. Khái niệm về chứng khoán và vai trò của nó trong nền kinh tế quốc dân.

Gorde:
Xehetasun bibliografikoak
Egile nagusia: Bùi, Văn Trịnh
Formatua: Liburua
Hizkuntza:Undetermined
Argitaratua: Cần Thơ Trường Đại học Cần Thơ 1995
Gaiak:
Etiketak: Etiketa erantsi
Etiketarik gabe, Izan zaitez lehena erregistro honi etiketa jartzen!
Thư viện lưu trữ: Trung tâm Học liệu Trường Đại học Cần Thơ
LEADER 00855nam a2200193Ia 4500
001 CTU_23844
008 210402s9999 xx 000 0 und d
082 |a 332.642 
082 |b Tr312 
100 |a Bùi, Văn Trịnh 
245 0 |a Giáo trình thị trường chứng khoán 
245 0 |c Bùi Văn Trịnh, Lưu Thanh Đức Hải 
260 |a Cần Thơ 
260 |b Trường Đại học Cần Thơ 
260 |c 1995 
520 |a Cung cấp kiến thức thị trường chứng khoán về mặt lý thuyết và cả về mặt thực hành. Khái niệm về chứng khoán và vai trò của nó trong nền kinh tế quốc dân. 
650 |a Bank marketing,Stock exchanges 
904 |i Phượng, Hải 
980 |a Trung tâm Học liệu Trường Đại học Cần Thơ